000 00490nam a2200181Ia 4500
999 _c35028
_d35028
003 OSt
005 20201228141125.0
008 190216s9999||||xx |||||||||||||| ||und||
020 _a9789383756711
040 _coclc
082 _a700
_bGEO/C
100 _aGeorge, Don
_97927
245 0 _aCinemakalanavadhi /
_cDon George
260 _bOlive Publications,
_c2014.
_aKozhikode:
300 _a257p
650 _aPolitics
942 _cBK
_2ddc
_h700
_iGEO/C
_k700
_mGEO/C